Statistics for bluey episodes by picture

Click here to take the quiz!

General Stats

  • This quiz has been taken 79 times
  • The average score is 10 of 16

Answer Stats

Answer% Correct
double babysitter
93%
duck cake
88%
hammerbarn
78%
promises
74%
rain
71%
handstand
67%
hospital
67%
road trip
64%
the dump
64%
magic
62%
camping
60%
tickle crabs
55%
fairytale
53%
postman
47%
puppet
45%
markets
40%

Score Distribution

Percentile by Number Answered

Percent of People with Each Score

Your Score History

You have not taken this quiz